Building type basics for : office buildings

Bibliographic Details
Main Author: Kohn, A. Eugene
Other Authors: Katz, Paul
Format: Book
Published: New York : John Wiley & Sons, Inc , 2002
Subjects:

MARC

LEADER 00000cam a2200000 7i4500
001 0000011158
005 20050419.0
020 |a 0471389234 
040 |a INS 
090 0 0 |a NA6230.   |b K64 2002 
100 1 |a Kohn, A. Eugene 
245 1 0 |a Building type basics for :   |b office buildings   |c A. Eugene Kohn 
260 |a New York :   |b John Wiley & Sons, Inc ,   |c 2002 
300 |a ix :   |b 294p ;   |c 25cm. 
650 0 0 |a Office buildings   |x design and construction 
650 0 0 |a Office buildings   |x planning 
700 1 |a Katz, Paul 
999 |a 0000011996   |b BOOK   |c Open Shelf   |e Default branch 
999 |a 1000000292   |b BOOK   |c Open Shelf   |e Default branch